Formula 1 Quiz 2022 (prior to Spain) - Statistics

General Stats
  • This quiz has been taken 78 times
  • The average score is 4 of 5
Answer Stats
Question Answer % Correct
Who took their first pole position at Saudi Arabia? Sergio Pérez
94%
How much slower was Leclerc's 2022 pole position at Bahrain compared to his first pole position in 2019? (rounded to the nearest whole second) 3 seconds slower
91%
Who managed to end up beached in the gravel at the start of the Australian Grand Prix? Carlos Sainz
86%
Who recorded a third consecutive podium finish at an Italian track at the Emilia Romagna Grand Prix? Lando Norris
81%
The mini chicane at the Miami Grand Prix caught a lot of drivers out. But that sort of chicane isn't specifically built for F1 cars. If not, then what other racing vehicle is that chicane designed for? Go-Kart
7%
No matching quizzes found
Score Distribution
Percent of People with Each Score
Percentile by Number Answered
Your Score History
You have not taken this quiz